Bilecik Bilecik Bilecik Bilecik Bilecik

Türk mutasavvıf ve şairi Muhammed Nazmi/ (Record no. 56660)

MARC details
000 -BAŞLIK
Sabit Uzunluktaki Kontrol Alanı 01170nam a22003497a 4500
001 - KONTROL NUMARASI
Control Dosyası 0056854
003 - KONTROL NUMARASI KİMLİĞİ
Kontrol Alanı KOHA_MİRAKIL
005 - EN SON İŞLEM TARİHİ ve ZAMANI
Kontrol Alanı 20260207004102.0
007 - FİZİKSEL TANIM SABİT ALAN - GENEL BİLGİ
Sabit uzunluklu kontrol alanı ta
008 - SABİT UZUNLUKTAKİ VERİ ÖGELERİ - GENEL BİLGİ
Sabit Alan 160408b1988 tu |||gr||||#0|||1|tur |
020 ## - ISBN - ULUSLARARASI STANDART KİTAP NUMARASI
Isbn 975170202x
040 ## - KATALOGLAMA KAYNAĞI
Özgün Kataloglama Kurumu TR-BiSEU
Kataloglama Dili tur
Çeviri Kurumu TR-BiSEU
Açıklama Kuralları rda
041 0# - DİL KODU
Metin ya da ses kaydının dil kodu tur
044 ## - YAYINLAYAN/ÜRETEN KURULUŞUN ÜLKE KODU
ISO country code tu
050 ## - SINIFLAMA ve YER NUMARASI
Sınıflama Numarası PL248.N39
Yer Numarası Z5 1988
100 1# - KİŞİ ADI
Yazar Adı (Kişi adı) Türer, Osman.
245 1# - ESER ADI BİLDİRİMİ
Başlık Türk mutasavvıf ve şairi Muhammed Nazmi/
Sorumluluk Bildirimi Osman Türer ; Osman Türer.
264 #1 - ÜRERİM, YAYIN, DAĞITIM ve TELİF BİLDİRİMİ
Yayın yeri Ankara :
Yayınlayan Kültür ve Turizm Bakanlığı
Yayın tarihi 1988
300 ## - FİZİKSEL TANIMLAMA
Sayfa, Cilt vb. 175 sayfa; 23 cm.
336 ## - İÇERİK TÜRÜ
Content type term metin
Content type code txt
Source rdacontent
337 ## - MEDYA TÜRÜ
Media type term aracısız
Media type code n
Source rdamedia
338 ## - TAŞIYICI TÜRÜ
Carrier type term cilt
Carrier type code nc
Source rdacarrier
490 1# - DİZİ BİLDİRİMİ
Dizi Bildirimi Kültür ve Turizm Bakanlığı Yayınları ;
Cilt Numarası 957.
490 1# - DİZİ BİLDİRİMİ
Dizi Bildirimi Kültür Eserleri Dizisi ;
Cilt Numarası 128.
650 #0 - KONU BAŞLIĞI EK GİRİŞ - KONU TERİMİ
Konusal terim veya coğrafi ad Sufi poetry, Turkish--Turkey.
9 (RLIN) 105286
650 #0 - KONU BAŞLIĞI EK GİRİŞ - KONU TERİMİ
Konusal terim veya coğrafi ad Sufi poetry--Turkey --History and criticism.
9 (RLIN) 105287
650 #0 - KONU BAŞLIĞI EK GİRİŞ - KONU TERİMİ
Konusal terim veya coğrafi ad Poets, Turkish--Early modern, 1500-1700.
9 (RLIN) 105288
830 1# - SERİ EK GİRİŞİ - TEKBİÇİM ESER ADI
Tekbiçim Başlık Kültür ve Turizm Bakanlığı Yayınları ;
Volume number/sequential designation 957.
9 (RLIN) 13173
830 1# - SERİ EK GİRİŞİ - TEKBİÇİM ESER ADI
Tekbiçim Başlık Kültür Eserleri Dizisi ;
Volume number/sequential designation 128.
9 (RLIN) 34712
907 ## - LOCAL DATA ELEMENT G, LDG (RLIN)
a Roman
942 ## - EK GİRİŞ ÖGELERİ (KOHA)
Source of classification or shelving scheme Library of Congress Classification
Koha item type Book
Holdings
Materyal Türü Kalıcı Konum Mevcut Konum Raf Yeri Sınıflandırma Kaynağı Edinim Bilgisi Ana Konular Alt Konular Yer Numarası Demirbaş Numarası Fatura Tarihi Geri Çekilme Durumu Kayıp Durumu Hasarlı Durumu Kredi için değil Kayıt Tarih Toplam Ödünçverme Son Görülme Tarihi Son Kontrol Tarihi Genel / Bağış Notu
Book Prof. Dr. Azmi Özcan Kütüphanesi Prof. Dr. Azmi Özcan Kütüphanesi Birûni Salonu Library of Congress Classification Bağış DİL VE EDEBİYAT Doğu Asya, Afrika, Okyanusya Dilleri ve Edebiyatları PL248.N39 Z5 1988 0056854 02/02/2026         08/04/2016   05/12/2024 05/12/2024 Abdulkerim Abdulkadiroğlu, Akademisyen